|
|
|
|
| LEADER |
02083pam a22005057a 4500 |
| 001 |
AALTaylor&Francisebook000011 |
| 003 |
BD-DhAAL |
| 005 |
20230911114124.0 |
| 006 |
m||||||||d|||||||| |
| 007 |
cr|||||||||||| |
| 008 |
220109t2014\\\\enka\\\\ob\\\\001\0\eng\d |
| 010 |
|
|
|a 2013008620
|
| 020 |
|
|
|a 9780203776025
|
| 020 |
|
|
|a 9781134645404
|
| 020 |
|
|
|a 9781134645473
|
| 020 |
|
|
|a 9780415827133
|
| 020 |
|
|
|a 9781444152654
|
| 035 |
|
|
|a (OCoLC)862076983
|
| 040 |
|
|
|a DLC
|b eng
|c DLC
|e rda
|d DLC
|d BD-DhAAL
|
| 042 |
|
|
|a pcc
|
| 050 |
0 |
0 |
|a P118
|b .R69 2014
|
| 082 |
0 |
0 |
|a 401.93
|2 23
|
| 100 |
1 |
|
|a Rowland, Caroline,
|d 1971-
|e author.
|9 44550
|
| 245 |
1 |
0 |
|a Understanding child language acquisition
|h [electronic resource] /
|c Caroline Rowland.
|
| 264 |
|
1 |
|a London ;
|a New York :
|b Routledge, Taylor & Francis Group,
|c 2014.
|
| 264 |
|
4 |
|c ©2014
|
| 300 |
|
|
|a 1 online resource (xiv, 307 pages)
|
| 490 |
0 |
|
|a Understanding language series
|
| 500 |
|
|
|a <strong>Off-Campus Access:</strong> Athens ID and Password Required
|
| 500 |
|
|
|a <strong>On-Campus Access:</strong> No User ID or Password Required
|
| 500 |
|
|
|a Access type: Perpetual access
|
| 504 |
|
|
|a Includes bibliographical references (pages 260-295) and index.
|
| 526 |
|
|
|a ENH
|x Asifa Sultana,
Associate Professor
|
| 538 |
|
|
|a Mode of access: Internet
|
| 541 |
|
|
|a Taylor & Francis
|h USD 170.00
|
| 650 |
|
0 |
|a Language acquisition.
|9 44551
|
| 650 |
|
0 |
|a Language awareness in children.
|9 44552
|
| 650 |
|
0 |
|a English language.
|9 44555
|
| 655 |
|
|
|a Electronic books.
|
| 830 |
|
|
|a Understanding language series
|9 44554
|
| 852 |
|
|
|a Ayesha Abed Library
|
| 856 |
|
|
|z Full text available on Taylor & Francis
|u https://www.taylorfrancis.com/books/9781444152661
|
| 942 |
|
|
|2 ddc
|c EBK
|
| 999 |
|
|
|c 43411
|d 43411
|
| 952 |
|
|
|0 0
|1 0
|2 ddc
|4 0
|6 401_930000000000000_ROW
|7 0
|9 69677
|a BRACUL
|b BRACUL
|d 2022-01-09
|e Taylor & Francis
|g 14591.55
|l 0
|o 401.93 ROW
|r 2022-01-09
|t 1
|w 2022-01-09
|y EBK
|x As discussed with Acquisition team, according to invoice date (20.12.2021) of the ebook, converted USD 170.00 to BDT 14,591.55.
|